|
|
|
|
| LEADER |
01299nam a2200313 a 4500 |
| 001 |
c000001339 |
| 003 |
CARM |
| 005 |
00000000000000.0 |
| 008 |
821119q19781980vra b 00010 eng d |
| 019 |
1 |
|
|a 2579463
|z 4125701
|z 6483470
|z 21954921
|z 55540427
|5 LACONCORD2021
|
| 035 |
|
|
|a (OCoLC)220356309
|5 LACONCORD2021
|
| 040 |
|
|
|d SCAE
|
| 042 |
|
|
|a anuc
|
| 043 |
|
|
|a u-at-vi
|
| 082 |
1 |
|
|a 331.48/464/09/945
|2 19
|
| 100 |
1 |
|
|a Cusack, Denise.
|
| 245 |
1 |
0 |
|a Outwork :
|b an alternative mode of employment : a study of the conditions and perceptions of outworkers in the clothing industry /
|c ... by Denise Cusack and John Dodd.
|
| 260 |
|
|
|a Fitzroy [Vic.] :
|b Centre for Urban Research and Action,
|c [1979?]
|
| 300 |
|
|
|a ii, 58 p. ;
|c 30 cm.
|
| 500 |
|
|
|a Cover title: Outwork: an alternate mode of employment.
|
| 504 |
|
|
|a Bibliography: p. [65]
|
| 650 |
|
0 |
|a Home labor
|z Victoria.
|
| 650 |
|
0 |
|a Women
|x Employment
|z Victoria.
|
| 650 |
|
0 |
|a Clothing workers
|z Victoria.
|
| 700 |
1 |
|
|a Dodd, John.
|
| 710 |
2 |
0 |
|a Centre for Urban Research and Action (Fitzroy, Vic.)
|
| 852 |
8 |
|
|b CARM
|h A2:AB10C0
|i D01442
|p 0086618
|f BK
|
| 999 |
f |
f |
|i 6a39d83a-425b-5ac2-a9d4-6772c5691c12
|s 369ea4de-4316-5445-a299-8bc277f48540
|
| 952 |
f |
f |
|p Can circulate
|a CAVAL
|b CAVAL
|c CAVAL
|d CARM 1 Store
|e D01442
|f A2:AB10C0
|h Other scheme
|i book
|m 0086618
|